Score 0/14 Timer 02:00
0 Plays Today
Clue 4-Letter Answer % Correct
★ ''The ____ of the Rings: The Fellowship of the Ring'' (2001)★●LORD●
96.6%
Chair, bench, or pewSEAT
92.9%
1966 movie: ''____ Free''BORN
88.8%
Have accomplishedDONE
88.8%
Depression in a car, especially after a fender benderDENT
88.8%
Wired; dispatchedSENT
88.6%
★ ''____ Say a [Rung 10]'' (2001) ★●DON'T●
86.7%
Clue 4-Letter Answer % Correct
Traditional knowledgeLORE
86.5%
Capital of SwitzerlandBERN
86.4%
1941 movie: ''Bury Me Not on the ____ Prairie''LONE
85%
★ ''[Rung 5] Say a ____'' (2001) ★●WORD●
84.6%
Shabby; threadbareWORN
80.9%
★ English actor, ____ [Rung 14] ★●●SEAN●●
76.7%
★ English actor, [Rung 1] ____●●BEAN●●
59.8%

Today's Daily Dose

Remove Ads.
Support Sporcle.
Get the best of Sporcle when you Go Orange. This ad-free experience offers more features, more stats, and more fun while also helping to support Sporcle. Thank you for becoming a member.

You're not logged in!

Compare scores with friends on all Sporcle quizzes.
OR
Log In

Show Comments

Extras

Top Quizzes Today


Score Distribution

Your Account Isn't Verified!

In order to create a playlist on Sporcle, you need to verify the email address you used during registration. Go to your Sporcle Settings to finish the process.

Report this User

Report this user for behavior that violates our Community Guidelines.

Details: